Normal view
MARC view
Entry Personal Name
001 - CONTROL NUMBER
- control field: 8612
003 - CONTROL NUMBER IDENTIFIER
- control field: ARRUPE
005 - DATE AND TIME OF LATEST TRANSACTION
- control field: 20140212111718.0
008 - FIXED-LENGTH DATA ELEMENTS
- fixed length control field: 140212|| aca||aabn | a|a d
040 ## - CATALOGING SOURCE
- Original cataloging agency: ARRUPE
- Transcribing agency: ARRUPE
100 ## - HEADING--PERSONAL NAME
- Personal name: Newman, John Henry
670 ## - SOURCE DATA FOUND
- Source citation: Work cat.: (ARRUPE): Ker, Ian 8611, Healing the wound of humanity , 1993